000 00852nam a2200253Ia 4500
003 OSt
005 20220926015328.0
006 a|||||r|||| 00| 0
007 ta
008 220923b |||||||| |||| 00| 0 eng d
020 _a9780199899616
_c1580.1500000000001
037 _b870, 28/02/2014, Pranami Book Service
_cGeneral Book
040 _aRTL
_cRTL
_beng
041 _2eng
_aeng
082 _aY220gD6,9(B),2771, Q3
100 _aCLARK Lynn Schofield
_9321934
245 0 _aParent app
_b Understanding families in the digital age
260 _aNew York
_bOxford University Press
_c2013
300 _axx, 299p
_ccm.
490 _aTimes Business Series
650 _aSociology
942 _hY220gD6,9(B),2771, Q3
_cGB
_2CC
999 _c631102
_d631102